| 000 | 00467 a2200157 4500 | ||
|---|---|---|---|
| 020 | _a0471099201 | ||
| 040 |
_aDLC _bDLC |
||
| 082 | 0 | _a510/.245 | |
| 100 | 1 | _aBoas, Mary L. | |
| 245 | 1 | 0 |
_aSolutions of selected problems for Mathematical methods in the physical sciences _cMary L. Boas |
| 260 |
_aNew York ; _aChichester : _bWiley, _cc1984. |
||
| 300 |
_aiv, 612 p. : _bill. ; _c23 cm. |
||
| 650 | 0 | _aMathematics. | |
| 700 | 1 | _aBoas, Mary L. | |
| 942 |
_cBK _k519.5 BOA _2ddc |
||
| 999 |
_c7745 _d7745 |
||